Bottom Billion: Why the poorest countries are failing and what can be done about it (Record no. 1303010)

MARC details
000 -LEADER
fixed length control field 00520nam a2200181Ia 4500
005 - DATE AND TIME OF LATEST TRANSACTION
control field 20250326144244.0
008 - FIXED-LENGTH DATA ELEMENTS--GENERAL INFORMATION
fixed length control field 250326s9999 xx 000 0 und d
037 ## - SOURCE OF ACQUISITION
Stock number Textbook
040 ## - CATALOGING SOURCE
Original cataloging agency FMSL
Language of cataloging eng
Transcribing agency FMSL
041 ## - LANGUAGE CODE
Language code of text/sound track or separate title eng
Source of code eng
084 ## - COLON CLASSIFICATION NUMBER
Classification number X:87 P7
Assigning agency FMSL
100 ## - MAIN ENTRY--PERSONAL NAME
Personal name COLLIER
9 (RLIN) 749329
245 #0 - TITLE STATEMENT
Title Bottom Billion: Why the poorest countries are failing and what can be done about it
Statement of responsibility, etc. COLLIER
260 ## - PUBLICATION, DISTRIBUTION, ETC.
Place of publication, distribution, etc. NY
Name of publisher, distributor, etc. NY, OUP
Date of publication, distribution, etc. 2007
365 ## - TRADE PRICE
Price amount 525
942 ## - ADDED ENTRY ELEMENTS (KOHA)
Koha item type Textbook
Classification part X:87 P7
Holdings
Withdrawn status Lost status Damaged status Not for loan Home library Current library Date acquired Source of acquisition Cost, normal purchase price Total Checkouts Full call number Barcode Date last seen Price effective from Koha item type
        Faculty of Management Library Faculty of Management Library 2025-03-26 Index International 525.00   X:87 P7 ML1351934 2025-03-26 2025-03-26 Textbook
Copyright @ Delhi University Library System